Quel Pokémon suis-je ? L’Entonnoir Pokémon - Statistiques

Statistiques générales
  • Ce quiz a été pris 59 fois
  • Le résultat moyen est 14 sur 15
Statistiques - réponses
Hint Réponse % Correct
Ce Pokémon fait partie de la lignée d’un starter Bulbizarre|Herbizarre|Florizarre|Salamèche|Reptincel|Dracaufeu|Carapuce|Carabaffe|Tortank|Germignon|Bayleef|Méganium|Héricendre|Feurisson| Typhlosion|Kaiminus|Crocrodil|Aligatueur|Arcko|Massko|Jungko|Poussifeu| Galifeu|Braségali|Gobou|Flobio|Laggron|Tortipouss|Boskara|Torterra|Ouisticram| Chimpenfeu|Simiabraz|Tiplouf|Prinplouf|Pingoléon|Vipélierre|Majaspic|Lianaja| Gruikui|Grotichon|Roitiflam|Moustillon|Mateloutre|Amphinobi|Marisson|Boguérisse| Blindépique|Feunnec|Roussil|Goupelin|Grenousse|Croâporal|Amphinobi|Brindibou| Sarabou|Chimpenfeu|Flamiaou|Matoufeu|Félinferno|Otaquin|Otarlette|Oratoria| Ouistempo|Matoufeu|Larméléon|Flambino|Pyrobut|Lézargus|Poussacha| Chochodile|Coiffeton
100%
Ce Pokémon est de type Eau Carapuce|Carabaffe|Tortank|Kaiminus|Crocrodil|Aligatueur|Gobou|Flobio|Laggron|Tiplouf|Prinplouf|Pingoléon|Moustillon|Mateloutre|Amphinobi| Grenousse|Croâporal|Amphinobi|Otaquin|Otarlette|Oratoria|Larméléon| Lézargus|Amphinobi|Coiffeton
100%
Ce Pokémon appartient à la deuxième génération Germignon|Macronium|Méganium|Héricendre|Feurisson|Typhlosion|Kaiminus|Crocodil|Aligatueur|Hoothoot|Noarfang|Coxy|Coxyclaque| Mimigal|Migalos|Nostenfer|Loupio|Lanturn|Pichu|Mélo|Toudoudou|Togepi| Togetic|Natu|Xatu|Wattouat|Lainergie|Pharamp|Joliflor|Marill|Azumarill|Simularbre| Tarpaud|Granivol|Floravol|Cotovol|Capumain|Tournegrin|Héliatronc|Yanma|Axoloto| Maraiste|Mentali|Noctali|Cornèbre|Roigada|Feuforêve|Zarbi|Qulbutoké|Girafarig| Pomdepik|Foretress|Insolourdo|Scorplane|Steelix|Snubbull|Granbull|Qwilfish|Cizayox| Caratroc|Scarhino|Farfuret|Teddiursa|Ursaring|Limagma|Volcaropod|Marcacrin| Cochignon|Corayon|Rémoraid|Octillery|Cadoizo|Démanta|Airmure|Malosse| Démolosse|Hyporoi|Phanpy|Donphan|Porygon2|Cerfrousse|Queulorior|Debugant| Kapoera|Lippouti|Elekid|Magby|Ecrémeuh|Leuphorie|Raikou|Entei|Suicune|Embrylex| Ymphect|Tyranocif|Lugia|Ho-Oh|Celebi
98%
Ce Pokémon est de type électrique (pur ou partiel) Pichu|Loupio|Lanturn|Wattouat|Lainergie|Pharamp|Élekid|Raikou
98%
Ce Pokémon fait partie d’une lignée évolutive de trois stades Pichu|Wattouat|Lainergie|Pharamp
98%
Ce Pokémon est la dernière évolution de sa lignée et fait référence à un animal des prés Pharamp
96%
Ce Pokémon appartient à la quatrième génération Tortipouss|Boskara|Torterra|Ouisticram|Chimpenfeu|Simiabraz|Tiplouf|Prinplouf|Pingoléon|Étourmi|Étourvol|Étouraptor|Keunotor|Castorno|Crikzik |Mélokrik|Lixy|Luxio|Luxray|Rozbouton|Roserade|Kranidos|Charkos|Dinoclier |Bastiodon|Cheniti|Cheniselle|Papilord|Apitrini|Apireine|Pachirisu|Mustébouée| Mustéflott|Ceribou|Ceriflor|Sancoki|Tritosor|Capidextre|Baudrive|Grodrive|Laporeille| Lockpin|Magirêve|Corboss|Chaglam|Chaffreux|Korillon|Moufouette|Moufflair| Archéomire|Archéodong|Manzaï|Mime Jr.|Ptiravi|Pijako|Spiritomb|Griknot|Carmache| Carchacrok|Goinfrex|Riolu|Lucario|Hippopotas|Hippodocus|Rapion|Drascore| Cradopaud|Coatox|Vortente|Écayon|Luminéon|Babimanta|Blizzi|Blizzaroi|Dimoret| Magnézone|Coudlangue|Rhinastoc|Bouldeneu|Élekable|Maganon|Togekiss|Yanmega| Phyllali|Givrali|Scorvol|Mammochon|Porygon-Z|Gallame|Tarinorme|Noctunoir|Momartik| Motisma|Créhelf|Créfollet|Créfadet|Dialga|Palkia|Heatran|Regigigas|Giratina|Cresselia| Phione|Manaphy|Darkrai|Shaymin|Arceus
94%
Ce Pokémon est la forme finale d’évolution Amphinobi
92%
Ce Pokémon appartient à la sixième génération Grenousse|Croâporal|Amphinobi
92%
Ce Pokémon appartient à la troisième génération Arcko|Massko|Jungko|Poussifeu|Galifeu|Braségali|Gobou|Flobio|Laggron|Medhyèna|Grahyèna|Zigzaton|Linéon|Chenipotte|Armulys|Charmillon|Blindalys| Papinox|Nénupiot|Lombre|Ludicolo|Grainipiot|Pifeuil|Tengalice|Nirondelle|Hélédelle| Goélise|Bekipan|Tarsal|Kirlia|Gardevoir|Arakdo|Maskadra|Balignon|Chapignon| Parecool|Vigoroth|Monaflèmit|Ningale|Ninjask|Munja|Chuchmur|Ramboum| Brouhabam|Makuhita|Hariyama|Azurill|Tarinor|Skitty|Delcatty|Ténéfix|Mysdibule| Galekid|Galegon|Galeking|Méditikka|Charmina|Dynavolt|Élecsprint|Posipi|Négapi| Muciole|Lumivole|Rosélia|Gloupti|Avaltout| Carvanha|Sharpedo|Wailmer|Wailord|Chamallot|Camérupt|Chartor|Spoink|Groret| Spinda|Kraknoix|Vibraninf|Libégon|Cacnéa|Cacturne|Tylton|Altaria|Mangriff| Séviper|Séléroc|Solaroc|Barloche|Barbicha|Écrapince|Colhomard|Balbuto| Kaorine|Lilia|Vacilys|Anorith|Armaldo|Barpau|Milobellus|Morphéo|Kecleon| Polichombr|Branette|Skelénox|Téraclope|Tropius|Éoko|Absol|Okéoké|Stalgamin| Oniglali|Obalie|Phogleur|Kaimorse|Coquiperl| Serpang|Rosabyss|Relicanth|Lovdisc|Draby|Drackhaus|Drattak|Terhal|Métang| Métalosse|Regirock|Regice|Registeel|Latias|Latios|Kyogre|Groudon| Rayquaza|Jirachi|Deoxys
90%
Ce Pokémon peut voler dans les airs Nirondelle|Hélédelle|Goélise|Bekipan|Tylton|Altaria|Tropius|Rayquaza|Drattak|Latias|Latios|Charmillon|Papinox
88%
Ce Pokémon appartient à une lignée évolutive (pré-évolution ou évolution) Tylton|Altaria|Charmillon|Papinox|Bekipan
88%
Ce Pokémon est une pré-évolution Tylton
87%
Ce Pokémon provient d’une lignée antérieure (il a des pré-évolutions de générations précédentes). Roserade|Élekible|Maganon|Rhinastoc|Togekiss|Leuphorie|Porygon-Z|Magirêve|Dimoret|Gallame|Magnézone|Blizzaroi
81%
Ce Pokémon est de type Fée (pur ou partiel), de type normal avant la 6G Togekiss
77%
Aucun quiz correspondant
Distribution des résultats
% des personnes avec chaque résultat
Percentile par nombre de réponses
Votre historique - résultats
Vous n’avez pas pris ce quiz